<?xml version="1.0" encoding="UTF-8"?>
<record
    xmlns:xsi="http://www.w3.org/2001/XMLSchema-instance"
    xsi:schemaLocation="http://www.loc.gov/MARC21/slim http://www.loc.gov/standards/marcxml/schema/MARC21slim.xsd"
    xmlns="http://www.loc.gov/MARC21/slim">

  <leader>01322cam a2200325 a 4500</leader>
  <controlfield tag="001">11975778</controlfield>
  <controlfield tag="003">IT-MiSPE</controlfield>
  <controlfield tag="005">20200829182126.0</controlfield>
  <controlfield tag="008">000414n1999    it       b    001 0 ita  </controlfield>
  <datafield tag="010" ind1=" " ind2=" ">
    <subfield code="a">   00347690 </subfield>
  </datafield>
  <datafield tag="020" ind1=" " ind2=" ">
    <subfield code="a">8834303954</subfield>
    <subfield code="c">24.00 EUR</subfield>
  </datafield>
  <datafield tag="040" ind1=" " ind2=" ">
    <subfield code="a">IT-MiSPE</subfield>
    <subfield code="c">IT-MiSPE</subfield>
    <subfield code="d">IT-MiSPE</subfield>
  </datafield>
  <datafield tag="043" ind1=" " ind2=" ">
    <subfield code="a">Europa - Grecia</subfield>
  </datafield>
  <datafield tag="082" ind1="0" ind2="0">
    <subfield code="a">183.2-BAR fi so (axa 23256)</subfield>
  </datafield>
  <datafield tag="100" ind1="1" ind2=" ">
    <subfield code="a">Bartolone, Filippo,</subfield>
    <subfield code="d">1919-1988.</subfield>
    <subfield code="9">58364</subfield>
  </datafield>
  <datafield tag="245" ind1="1" ind2="0">
    <subfield code="a">Socrate :</subfield>
    <subfield code="b">l'origine dell'intellettualismo dalla crisi della libert&#xE0; /</subfield>
    <subfield code="c">Filippo Bartolone ; a cura di Vincenzo Cicero ; prefazione di Giovanni Reale.</subfield>
  </datafield>
  <datafield tag="250" ind1=" " ind2=" ">
    <subfield code="a">2. ed.</subfield>
  </datafield>
  <datafield tag="260" ind1=" " ind2=" ">
    <subfield code="a">Milano :</subfield>
    <subfield code="b">Vita e Pensiero,</subfield>
    <subfield code="c">1999.</subfield>
  </datafield>
  <datafield tag="300" ind1=" " ind2=" ">
    <subfield code="a">lviii, 328 p. ;</subfield>
    <subfield code="c">22 cm.</subfield>
  </datafield>
  <datafield tag="440" ind1=" " ind2="0">
    <subfield code="a">Pubblicazioni del Centro di ricerche di metafisica.</subfield>
    <subfield code="p">Collana Temi metafisici e problemi del pensiero antico ;</subfield>
    <subfield code="v">75</subfield>
    <subfield code="9">58365</subfield>
  </datafield>
  <datafield tag="504" ind1=" " ind2=" ">
    <subfield code="a">Include bibliografia [311]-318) e indici</subfield>
  </datafield>
  <datafield tag="600" ind1="0" ind2="0">
    <subfield code="a">Socrate.</subfield>
    <subfield code="9">58366</subfield>
  </datafield>
  <datafield tag="650" ind1=" " ind2="0">
    <subfield code="a">Filosofia, Antica.</subfield>
    <subfield code="9">57190</subfield>
  </datafield>
  <datafield tag="650" ind1=" " ind2="0">
    <subfield code="a">Libert&#xE0;</subfield>
    <subfield code="x">Storia.</subfield>
    <subfield code="9">58367</subfield>
  </datafield>
  <datafield tag="700" ind1="1" ind2=" ">
    <subfield code="a">Cicero, Vincenzo.</subfield>
    <subfield code="9">58368</subfield>
  </datafield>
  <datafield tag="700" ind1="1" ind2=" ">
    <subfield code="a">Bartolone, Filippo,</subfield>
    <subfield code="d">1919-1988.</subfield>
    <subfield code="t">Origine dell'intellettualismo dalla crisi della libert&#xE0;.</subfield>
    <subfield code="9">58369</subfield>
  </datafield>
  <datafield tag="906" ind1=" " ind2=" ">
    <subfield code="a">7</subfield>
    <subfield code="b">cbc</subfield>
    <subfield code="c">orignew</subfield>
    <subfield code="d">3</subfield>
    <subfield code="e">ncip</subfield>
    <subfield code="f">20</subfield>
    <subfield code="g">y-gencatlg</subfield>
  </datafield>
  <datafield tag="942" ind1=" " ind2=" ">
    <subfield code="2">ddc</subfield>
    <subfield code="c">BK</subfield>
  </datafield>
  <datafield tag="999" ind1=" " ind2=" ">
    <subfield code="c">358837</subfield>
    <subfield code="d">358837</subfield>
  </datafield>
  <datafield tag="952" ind1=" " ind2=" ">
    <subfield code="0">0</subfield>
    <subfield code="1">0</subfield>
    <subfield code="2">ddc</subfield>
    <subfield code="4">0</subfield>
    <subfield code="6">183_000000000000000_2BAR_FI_SO_AXA_23256</subfield>
    <subfield code="7">1</subfield>
    <subfield code="a">CINISELLO</subfield>
    <subfield code="b">CINISELLO</subfield>
    <subfield code="d">2020-08-29</subfield>
    <subfield code="l">0</subfield>
    <subfield code="o">183.2-BAR fi so (axa 23256)</subfield>
    <subfield code="p">9878834303954</subfield>
    <subfield code="r">2020-08-29 00:00:00</subfield>
    <subfield code="w">2020-08-29</subfield>
    <subfield code="y">BK</subfield>
  </datafield>
</record>
